Computer system reliability /

Bibliographic Details
Main Author: Longbottom, Roy
Format: Book
Language:English
Published: Chichester ; New York : Wiley, [1980]
Subjects:

MARC

Tag First Indicator Second Indicator Subfields
LEADER 00000cam a2200000 a 4500
001 in00000073955
005 20151008060106.0
008 800319s1980 enka 00110 engmd
010 |a  79040649  
020 |a 0471276340 
035 |a (OCoLC)06105124 
035 |9 AAJ5110AM 
040 |a LIN  |c LIN  |d OCL  |d TXA  |d UtOrBLW 
049 |a TXAM 
090 |a QA76.5  |b .L6 
100 1 |a Longbottom, Roy. 
245 1 0 |a Computer system reliability /  |c Roy Longbottom. 
264 1 |a Chichester ;  |a New York :  |b Wiley,  |c [1980] 
264 4 |c ©1980 
300 |a xxiii, 321 pages :  |b illustrations ;  |c 24 cm. 
336 |a text  |b txt  |2 rdacontent 
337 |a unmediated  |b n  |2 rdamedia 
338 |a volume  |b nc  |2 rdacarrier 
500 |a Includes index. 
500 |a "A Wiley Interscience Publication." 
650 0 |a Computers  |x Reliability. 
999 |a MARS 
999 f f |s a6dd3663-f2af-3fd2-8fc9-147c91d88b59  |i 529cd68a-6047-38de-a1bc-1e940067f6c3  |t 0 
952 f f |p ric  |a Texas A&M University  |b Rellis Campus  |c Joint Library Facility  |d Remote Storage  |t 0  |e QA76.5 .L6  |h Library of Congress classification  |i unmediated -- volume  |m A14806201465 
998 f f |a QA76.5 .L6  |t 0  |l Remote Storage